| 000 | 00633cam a2200205 4500 | ||
|---|---|---|---|
| 001 | D1572 | ||
| 008 | 090401t1982 xxu||||| |||| 00| 0 eng d | ||
| 035 | _a(Sirsi) u64655 | ||
| 041 | _aeng | ||
| 050 | _a333.332 | ||
| 100 | _aBowcock, Philip | ||
| 245 | _aValuing with the pocket calculator; a series of programs providing factors for the solution of the 19 basic types of valuation problems with limitless flexibility of input data | ||
| 260 |
_aOxford _bTechnical Press _c1982 |
||
| 300 | _ac52p. 30cm | ||
| 350 | _a15 | ||
| 520 | _aplus 20 spare work sheets. | ||
| 700 | _aRose, J.J. | ||
| 942 | _n0 | ||
| 948 | _c04/03/1997 | ||
| 999 |
_c94694 _d94694 |
||